Songs from the First Line(s) - 1993 - Statistics

General Stats
  • This quiz has been taken 80 times
  • The average score is 9 of 30
Answer Stats
Hint Answer % Correct
Songs One, two, three and to the four / Snoop Doggy Dogg and Dr. Dre is at the door / Ready to make an entrance so back on up Artist(s) Dr. Dre / Snoop Dogg
81%
Songs And I would do anything for love / I'd run right into hell and back / I would do anything for love / I'll never lie to you and that's a fact Artist(s) Meat Loaf
81%
Songs And I would do anything for love / I'd run right into hell and back / I would do anything for love / I'll never lie to you and that's a fact Song I'd Do Anything For Love (But I Won't Do That)
64%
Songs There's a hero / If you look inside your heart / You don't have to be afraid / Of what you are / There's an answer / If you reach into your soul Song Hero
55%
Songs There's a hero / If you look inside your heart / You don't have to be afraid / Of what you are / There's an answer / If you reach into your soul Artist(s) Mariah Carey
48%
Songs You'll remember me when the west wind moves / Upon the fields of barley / You'll forget the sun in his jealous sky Artist(s) Sting
45%
Songs You'll remember me when the west wind moves / Upon the fields of barley / You'll forget the sun in his jealous sky Song Fields Of Gold
40%
Songs Like a moth to a flame, burned by the fire / My love is blind, can't you see my desire? / That's the way love goes Artist(s) Janet Jackson
38%
Songs Tag Team, back again / Check it to wreck it, let's begin / Party on, party people, let me hear some noise / DC's in the house, jump, jump, rejoice Artist(s) Tag Team
34%
Songs Uh, here I go, here I go, here I go again / Girls, what's my weakness? (Men!) / OK then, chilling, chilling, minding my business (Word) Artist(s) Salt 'n' Pepa / Big Twan
33%
Songs Like a moth to a flame, burned by the fire / My love is blind, can't you see my desire? / That's the way love goes Song That's The Way Love Goes
32%
Songs Share my life, take me for what I am / 'Cause I'll never change all my colors for you / Take my love, I'll never ask for too much Artist(s) Whitney Houston
32%
Songs Tag Team, back again / Check it to wreck it, let's begin / Party on, party people, let me hear some noise / DC's in the house, jump, jump, rejoice Song Whoomp! (There It Is)
29%
Songs The whispers in the morning / Of lovers sleeping tight / Are rolling by like thunder now / As I look in your eyes / I hold on to your whole body Artist(s) Celine Dion
27%
Songs The whispers in the morning / Of lovers sleeping tight / Are rolling by like thunder now / As I look in your eyes / I hold on to your whole body Song The Power of Love
26%
Songs Still feels like our first night together / Feels like the first kiss, it's gettin' better, baby / No one can better this... / Still holdin' on, you're still the one. Artist(s) Bryan Adams
22%
Songs Sitting here wasted and wounded at this old piano / Trying hard to capture the moment this morning I don't know Artist(s) Bon Jovi
21%
Songs Share my life, take me for what I am / 'Cause I'll never change all my colors for you / Take my love, I'll never ask for too much Song I Have Nothing
21%
Songs You better check yo self before you wreck yo self / Cos I'm bad for your health, I come real stealth Artist(s) Ice Cube
18%
Songs Whoa, oh, yeah / (Ah) I got a new life / You would hardly recognize me, I'm so glad / How could a person like me care for you? / (Ah) Why do I bother Song The Sign
18%
Songs If I never feel you in my arms again / If I never feel your tender kiss again / If I never hear "I love you" now and then Artist(s) Toni Braxton
18%
Songs Whoa, oh, yeah / (Ah) I got a new life / You would hardly recognize me, I'm so glad / How could a person like me care for you? / (Ah) Why do I bother Artist(s) Ace Of Base
16%
Songs Uh, here I go, here I go, here I go again / Girls, what's my weakness? (Men!) / OK then, chilling, chilling, minding my business (Word) Song Shoop
16%
Songs Sitting here wasted and wounded at this old piano / Trying hard to capture the moment this morning I don't know Song Bed Of Roses
15%
Songs If I never feel you in my arms again / If I never feel your tender kiss again / If I never hear "I love you" now and then Song Breathe Again
15%
Songs One, two, three and to the four / Snoop Doggy Dogg and Dr. Dre is at the door / Ready to make an entrance so back on up Song Nuthin But A "G" Thang
15%
Songs They can come true / Yeah / They can come true / Move a step closer you know that I want you Song Dreams
14%
Songs They can come true / Yeah / They can come true / Move a step closer you know that I want you Artist(s) Gabrielle
12%
Songs You better check yo self before you wreck yo self / Cos I'm bad for your health, I come real stealth Song Check Yo Self
10%
Songs Still feels like our first night together / Feels like the first kiss, it's gettin' better, baby / No one can better this... / Still holdin' on, you're still the one. Song Please Forgive Me
8%
No matching quizzes found
Score Distribution
Percent of People with Each Score
Percentile by Number Answered
Your Score History
You have not taken this quiz